000 00463nam a2200133 4500
999 _c9171
_d9171
008 180413b ||||| |||| 00| 0 eng d
082 _aDPer 050 Dec 2015-Mar 2016 T48 v186-187
100 _927376
_aD'Addario, Daniel.
245 _aA vice TV network shows the limits of rebelliousness/
_cDaniel D'Addario.
260 _aNew York:
_bTime Inc.,
_c©Dec 2015-Mar 2016.
300 _av187 n8, page 47:
_c27 cm.
650 0 _927377
_aMass media.
942 _2ddc
_cPER